000 00329nam a2200133Ia 4500
008 100328s9999 xx 000 0 und d
082 _b14726
100 _aHayward Max And Harari Manya
245 _aDoctor Zhivango
260 _bCollins Clear-Type
630 _aDoctor Zhivango
730 _aDoctor Zhivango
942 _cBOOK
999 _c509633
_d509630